000 00913nam0a22002771 4500
001 RU\NLR\INFOCOMM_161\5000084677
005 20250613100300.0
010 _96000 экз.
_d4 р.
035 _a(NLR Aleph) 009333936
090 _a9470651
_c9470652
100 _a20101017d1958 |||y0rusy50 ca
101 0 _aeng
102 _aRU
105 _aa ||||000|y
200 1 _aDeserts given water
_fB. Fedorovich
210 _aM.
_cForeign languages publ. house
_d1958
215 _a111 с.; 9 л. ил., карт.
_cил., карт.
_d19 см
606 _aОрошение
_yСредне-Азиатские республики
_2nlr_sh1
686 _aС5-30(сред. Аз.)
_2rubbk
700 1 _9z02790
_aFedoróvič
_bB. A.
_f1902
_gBoris Aleksandrovič
_4070
790 1 _9z02700
_aFedorovich
_bB.
_4070
801 1 _aRU
_bNLR
_c20101017
801 0 _aRU
_bNLR
_gPSBO
852 _aNLR
_jС15 Г-3/32
942 _cBOOK
980 _aNB